Čínska ľudová republika - národnostné zloženie a národná politika

Etnická homgénnosť obyvateľstva ČĽR. Postavenie a práva národnostných menšín v ČĽR. Nová ekonomická politika čínskeho vedenia.

Gespeichert in:
Bibliographische Detailangaben
1. Verfasser: Slobodník, Martin
Format: Buchkapitel
Sprache:Slowakisch
Schlagworte:
Tags: Tag hinzufügen
Keine Tags, Fügen Sie das erste Tag hinzu!

MARC

LEADER 00000naa a2200000 4500
001 r036398
005 20230922115148.8
041 0 |a slo 
044 |a SK 
245 1 0 |a Čínska ľudová republika - národnostné zloženie a národná politika  |c Martin Slobodník 
520 |a Etnická homgénnosť obyvateľstva ČĽR. Postavenie a práva národnostných menšín v ČĽR. Nová ekonomická politika čínskeho vedenia. 
610 2 0 |a menšiny národnostné 
610 2 0 |a politika národnostná 
610 2 0 |a nestabilita politická 
610 2 0 |a práva ľudské 
610 2 0 |a súdnictvo 
610 2 0 |a ústava 
610 2 0 |a Čína 
610 2 0 |a história 
100 1 |a Slobodník, Martin